Direct integrators of explicit Runge-Kutta type for special third-order ordinary differential equations and their application /
Saved in:
| Main Author: | |
|---|---|
| Format: | Thesis Book |
| Language: | English |
| Published: |
2014
|
| Subjects: | |
| Tags: |
Add Tag
No Tags, Be the first to tag this record!
|
| LEADER | 01076cam a2200289 i 4500 | ||
|---|---|---|---|
| 001 | u1009775 | ||
| 003 | SIRSI | ||
| 005 | 201502051440 | ||
| 008 | 150205s2014 my t 000 0 eng m | ||
| 040 | |a UMM |e rda | ||
| 090 | |a QA3 |b UM 2014 Abe | ||
| 100 | 1 | |a Abed, Mohammed Sahib, |e author. | |
| 245 | 1 | 0 | |a Direct integrators of explicit Runge-Kutta type for special third-order ordinary differential equations and their application / |c Mohammed Sahib Abed |
| 264 | 1 | |c 2014 | |
| 264 | 4 | |c 2014 | |
| 336 | |a text |2 rdacontent | ||
| 337 | |a unmediated |2 rdamedia | ||
| 338 | |a volume |2 rdacarrier | ||
| 502 | |b Ph.D |c Institut Sains Matematik, Fakulti Sains, Universiti Malaya |d 2014. | ||
| 504 | |a Bibliography: leaves 151-156. | ||
| 530 | |a Also issued in CD. | ||
| 650 | 0 | |a Mathematical models. | |
| 650 | 0 | |a Runge-Kutta formulas. | |
| 710 | 2 | |a Universiti Malaya. |b Institut Sains Matematik, |e degree granting institution | |
| 900 | |a MZAR-ZA | ||
| 596 | |a 1 | ||
| 999 | |a QA3 UM 2014 ABE |w LC |c 1 |i A516077173 |d 23/11/2021 |e 23/11/2021 |f 25/8/2015 |g 2 |l STACKS |m P01UTAMA |n 1 |r Y |s Y |t TESIS |u 21/8/2015 | ||
